000 01289nmm a2200349 a 4500
001 ocm0002146130
003 TR-IsHL
005 20201028181921.0
008 190120s2018 tu ara
007 cr cn
020 _a9786054535552
035 _a2146130
_b(N$T)
050 0 4 _aPJ6106.Y55
_bF55 2018
090 0 4 _aPJ6106.Y55
_bF55 2018
100 1 _aYıldız, Musa
245 1 0 _aFıkralarla Arapça: Arapça dil öğretiminde eğitici 200 seçme fıkra
_h[electronic resource] /
_cMusa Yıldız ; Hayrullah Çetinkaya ; yayına hazırlayan Muhammed Ağırakça
250 _a9. Basım
260 _aİstanbul :
_bAkdem Yayınları,
_c2018
300 _a136 p.
650 4 _aDil ve Edebiyat
650 4 _aLanguage and Literature
650 0 _aArap dili
_x Okuma kitapları
650 0 _aArabic language
_x Readers
650 0 _aArap Dili
_x Gramer
650 0 _aArabic Language
_x Grammar
650 0 _aArap Dili
_x Gramer
_x Eğitim ve Öğretim
650 0 _aArabic Language
_x Grammar
_x Study and Teaching
650 7 _aLANGUAGE ARTS & DISCIPLINES / Reading Skills
_2bisacsh
700 1 _aÇetinkaya, Hayrullah
700 1 _aAğırakça, Muhammed
856 4 0 _uhttp://search.ebscohost.com/login.aspx?direct=true&scope=site&db=e011xww&AN=2146130
999 _c19827
_d19827